Premier League Fußballer des Jahres - Sudden Death - Statistiken

Allgemein
  • Dieses Quiz wurde 1.495 mal gespielt
  • Das Durchschnittsergebnis liegt bei 3 aus 17
Answers on the Grid
Answers color-coded by a green-red scale on the quiz's grid according to % correct below.
Olivier Giroud
Luis Suarez
Gareth Bale
Phillipe Coutinho
Ruben Dias
Erling Haaland
Thierry Henry
Jorginho
Mohamad Salah
Harry Kane
Jordan Henderson
Heung Min Son
Steven Gerrard
Scott Parker
Didier Drogba
Eden Hazard
Michael Owen
Frank Lampard
Jürgen Klinsmann
John Terry
Michael Ballack
Wayne Rooney
Cesc Fabregas
Paul Scholes
Jamie Vardy
David Beckham
Romelu Lukaku
Bruno Fernandes
Gary Lineker
Kevin De Bruyne
Roberto Firmino
Raheem Sterling
 
Antwortstatistiken
Antwort % Korrekt
Erling Haaland
52%
Thierry Henry
49%
Luis Suarez
48%
Mohamad Salah
47%
Gareth Bale
30%
Kevin De Bruyne
23%
Eden Hazard
18%
Wayne Rooney
14%
Steven Gerrard
11%
Jamie Vardy
9%
Frank Lampard
8%
Ruben Dias
7%
Raheem Sterling
3%
Gary Lineker
2%
Jordan Henderson
2%
Jürgen Klinsmann
2%
Scott Parker
1%
Keine übereinstimmenden Quizze gefunden
Verteilung der Resultate
Anzahl Personen mit jedem Resultat
Perzentil nach korrekt beantworteten Fragen
Ihre Resultats-Entwicklung
Sie haben dieses Quiz noch nicht gespielt